000 00450caa a22001812a 4500
001 001068
003 AR-FADEU
008 311216n############xxu####################dd
092 _aPP(302)TEL
100 _aFeustle, Joseph A.
245 _bLos ordenadores y la enseƱanza de las lenguas extranjeras
245 _aTelos
300 _a100-116
440 _n16
260 _cdic. feb. 1988-89
650 _aEDUCACION-TECNOLOGIA
942 _cPPGR
999 _c3846
_d3846